000 00569cam a22002054a 4500
005 20250605164300.0
008 250528s ||||||||||||||||||||||||d
035 _a22050
020 _a9789603721239
040 _aGR-AtMCL
_bgre
_dGR-AtMCL
_eAACR2
245 1 _aΦΥΣΙΟΛΟΓΙΑ
250 _a1
260 _bΙατρικες Εκδόσεις Λιτσας,
_c2009
300 _a568
700 1 _aΧανιωτης Δημητριος Ι
_97928
700 1 _aΧανιωτης Φραγκισκος Ι
_97929
942 _cBK
999 _c7106
_d7106